| 000 | 00389nam a22001697a 4500 | ||
|---|---|---|---|
| 005 | 20160613144643.0 | ||
| 008 | 160613b xxu||||| |||| 00| 0 eng d | ||
| 020 | _a978-81-7992-814-1 | ||
| 041 | _aeng | ||
| 082 | _b7265 | ||
| 100 |
_aSharma, Robin _91740 |
||
| 245 | _aThe Greatness Guide 2 | ||
| 260 |
_bJaico Books _c2010 |
||
| 300 | _a203 | ||
| 650 |
_aManagement _9241 |
||
| 942 | _cBK | ||
| 999 |
_c2530 _d2529 |
||